LEADER 01319nas a2200253 i 4500 001 000000134035 003 CaOOAMICUS 005 20070530000000.0 008 050121b2003 pl uu u0 0pol r 013 $a107107 040 $aSeMil$bita 245 10$aHistoria Sztuki =$bHistoire de l'Art = History of Art. 246 01$aHistoire de l'Art = History of Art 260 $aLublin :$bTowarzystwo Naukowe Katolickiego Uniwersytetu Lubelskiego,$c2003 (copyr. 2004) 300 $a289 p. :$bill. ;$c24 cm. 500 $aDoppio frontespizio a fronte con formulazione parallela del titolo in francese e in inglese. - Articoli con sintesi in inglese [Summary] o in francese [Résumé] in coda. 773 0 $tRoczniki Humanistyczne.$dLublin : Towarzystwo Naukowe Katolickiego Uniwersytetu Lubelskiego, 1949.$x0035-7707$w()2885 774 0 $t[vedi periodico].$w()259443 850 $aSeMil 852 $aSeMil$W1$xVenegono$y1$m216 1 82$j87815$B87815$CSeMilBibl$Z2$F91881 $85 961 $aCambio: Scuola Cattolica 996 $6245$aHistoria Sztuki =$bHistoire de l'Art = History of Art$9(OLS)http://semarc/title/145232 996 $6246$aHistoire de l'Art = History of Art$9(OLS)http://semarc/title/145233 996 $6260$aLublin :$bTowarzystwo Naukowe Katolickiego Uniwersytetu Lubelskiego$9(OLS)http://semarc/publisher/30942 LEADER 01428nam a2200289 i 4500 001 000000073695 003 CaOOAMICUS 005 20250402110409.0 008 150904s1999 be u000 u lat u 013 $a44867 020 $a2-503-63826-0 040 $aSeMil$bita 100 1 $aThomas : de Chobham,$c.$0(OLS)http://semarc/name/16098 245 10$aThomas de Chobham Summa de commendatione virtutum et extirpatione vitorium /$ccurante CETEDOC. 260 $aTurnhout :$bBrepols,$c1999. 300 $a75 p. ;$c25 cm + 9 microfiches. 490 0 $aCorpus Christianorum. Instrumenta lexicologica latina. Ser. A, Formae ;$vFasc.102 500 $aSpoglio lessicale 710 2 $aUniversité Catholique : Centre de traitement èlectronique des documents.$0(OLS)http://semarc/name/60 830 0$aCorpus Christianorum. Instrumenta lexicologica latina. Ser. A, Formae ;$v102.$0(OLS)http://semarc/title/82 850 $aSeMil 852 $aSeMil$W1$xVenegono$y1$mSL2.G CC.CM.ILL 102$j255656$B39847$CSeMilBibl$Z2$F39851 $8I 961 $aSottoscrizione: Brepols 996 $6020$a2-503-63826-0$9(OLS)http://semarc/number/53255 996 $6245$aThomas de Chobham Summa de commendatione virtutum et extirpatione vitorium$9(OLS)http://semarc/title/118985 996 $6260$aTurnhout :$bBrepols$9(OLS)http://semarc/publisher/29626